000 00818nam a22002297a 4500
005 20250128154757.0
010 _aENG-104424 ENG-143645
020 _a9788121933346
_c250.00
020 _a9788121933346
_c315.00
020 _a812193334x
_c250.00
035 _aEN-87957
035 _aEN-127177
037 _bDBAD/PUB
082 _a155.25
100 _aOnkar, R.M.
_977251
245 0 0 _aManaging career by discovering your personality:
_ba pragmatic perspective.....and advancement/
_cby R.M.Onkar
260 _aNew Delhi
_bS.Chand
_c2010,2023(Rep)
270 _a7361, Ram Nagar,
_bNew Delhi
_e110055
300 _axxvi,134p. :
_c24cm (pbk)
_bcol. ill.
942 _2ddc
_cEN
_mONK
_h155.25
999 _c59854
_d59854